El Antiguo Testamento: la fe
Na minha lista:
| Autor principal: | |
|---|---|
| Formato: | Livro |
| Idioma: | espanhol |
| Publicado em: |
Pamplona
Verbo Divino
1987
|
| Assuntos: | |
| Tags: |
Adicionar Tag
Sem tags, seja o primeiro a adicionar uma tag!
|
MARC
| LEADER | 00000nam a2200000 a 4500 | ||
|---|---|---|---|
| 001 | UCW8497 | ||
| 003 | CL-VaPUC | ||
| 008 | 880914e19870000SP |||||||||||||||||spa|d | ||
| 020 | |a 8471515253 | ||
| 082 | 0 | 4 | |a 221 |b DRA |2 21 |
| 100 | 0 | |a Drane, John William |e author |9 313677 | |
| 245 | 1 | 3 | |a El Antiguo Testamento: la fe |
| 300 | |a 156 p | ||
| 942 | |c BK | ||
| 945 | |d 19880914 00:00:00 | ||
| 260 | |a Pamplona |b Verbo Divino |c 1987 | ||
| 650 | 0 | |a Biblia |9 257603 | |
| 650 | 0 | |a Antiguo testamento |9 313678 | |
| 650 | 7 | |a COMENTARIOS |2 CL-VaPUC |9 313567 | |
| 583 | |a last modification |c 20170628 10:51:04 |k Rodrigo Vera | ||
| 999 | |c 220848 |d 220846 | ||
| 952 | |0 0 |1 2 |4 0 |6 221_000000000000000_DRA_1987 |7 0 |8 A |9 213575 |a BIBTEO |b BIBTEO |d 2019-11-15 |i 2819252 |o 221 DRA 1987 |p 2819252 |r 2019-11-15 |w 2019-11-15 |x Descarte 2019 |y BK |k ICR | ||